000 01672nam a2200397 a 4500
001 ebr10469360
003 CaPaEBR
006 m u
007 cr cn|||||||||
008 100416s2011 ilu sb 001 0 eng d
010 _z 2010015996
020 _z9780809330171 (alk. paper)
020 _z0809330172 (alk. paper)
020 _z080938616X (e-book)
020 _z9780809386161 (e-book)
040 _aCaPaEBR
_cCaPaEBR
035 _a(OCoLC)730520022
043 _an-us---
050 1 4 _aPE1405.U6
_bS55 2011eb
082 0 4 _a808/.042/0711
_222
245 0 0 _aSilence and listening as rhetorical arts
_h[electronic resource] /
_cedited by Cheryl Glenn and Krista Ratcliffe.
260 _aCarbondale :
_bSouthern Illinois University Press,
_c2011.
300 _avi, 324 p.
504 _aIncludes bibliographical references and index.
505 0 _apt. 1. History -- pt. 2. Theory and criticism -- pt. 3. Praxes.
533 _aElectronic reproduction.
_bPalo Alto, Calif. :
_cebrary,
_d2011.
_nAvailable via World Wide Web.
_nAccess may be limited to ebrary affiliated libraries.
650 0 _aEnglish language
_xRhetoric
_xStudy and teaching
_zUnited States.
650 0 _aReport writing
_xStudy and teaching (Higher)
_zUnited States.
650 0 _aSilence
_xStudy and teaching (Higher)
_zUnited States.
650 0 _aListening
_xStudy and teaching (Higher)
_zUnited States.
655 7 _aElectronic books.
_2local
700 1 _aGlenn, Cheryl.
700 1 _aRatcliffe, Krista,
_d1958-
710 2 _aebrary, Inc.
856 4 0 _uhttp://site.ebrary.com/lib/rucke/Doc?id=10469360
_zAn electronic book accessible through the World Wide Web; click to view
999 _c241659
_d241659